000 00603nam a2200157 i 4500
001 159406
003 ES-MaACL
005 20230906211602.0
008 040908s1873 sp |||| | spa d
040 _aCAM
_bspa
_cCAM
100 1 _aMendoza y Morán, Javier de.
_9129827
245 1 0 _aA los electores del distrito de Toledo, sobre la nulidad del acta de Javier de Mendoza y Morán.
260 _aMadrid :
_b[s.n.],
_c1873 (
_fImprenta de Gregorio García León)
300 _a23 p. ;
_c18 cm.
852 _aES-MaACL
_jT-160-F-3
_z-- Enc. hol.
_q-- Falto de la cub. original
_z-- Enc. en un vol. facticio
999 _c159406
_d159406